Estadísticas para Escribir Rápido - Z-A

Haz click aquí para intentar la prueba.

Estadísticas generales

  • Esta prueba ha sido intentada 268 veces
  • La puntuación promedio es 10 de 26

Estadísticas de respuestas

Letra% Correcto
Z
100%
Y
91%
X
86%
W
80%
V
71%
U
64%
T
60%
S
54%
R
53%
Q
43%
P
41%
O
35%
N
32%
M
31%
L
30%
K
24%
J
21%
I
18%
H
15%
G
14%
D
13%
E
13%
F
13%
C
12%
A
11%
B
11%

Distribución de puntuación

Porcentaje por número respondido

Porcentaje de gente con cada puntuación

Historial de tus puntuaciones

No has intentado esta prueba.